00532 2200229 4500001002100000008004100021035002000062245004900082100001500131250000600146260003000152084001400182082000800196650001400204990001200218990001200230990001200242990001200254990001200266990001200278990001200290INLIS000000000001524 ind  a0010-0125000022 aExcel Untuk Insinyur Dan IlmuwancS.C. Bloch aS.C. Bloch a1 aJakarta :bErlanggac2005 a600 BLO e a600 aNon Fiksi a0714039 a0714040 a0714041 a0714042 a0714043 a0714044 a0714045